| 000 | 00824cam a2200229 4500 | ||
|---|---|---|---|
| 001 | WB3703-11 | ||
| 008 | 000000n2001 000 0 eng u | ||
| 035 | _a(Sirsi) u110387 | ||
| 245 | _aGreenfield homes schemes halted | ||
| 260 | _c2001 | ||
| 490 |
_aIndependent _v 13 January 2001, 4(1) |
||
| 520 | _aNorth Hertfordshire DC has withdrawn plans to build 10,000 houses on greenfield land. The council believes the scheme is at odds with the new guidelines in PPG3 whereby every brownfield site in the area has to be considered before releasing greenfield land for development. | ||
| 590 | _aWB | ||
| 650 | _aBROWNFIELD LAND | ||
| 650 | _aGREENFIELD LAND | ||
| 650 | _aHERTFORDSHIRE | ||
| 650 | _aPPG3 | ||
| 650 | _aHOUSE BUILDING | ||
| 650 | _aPLANNING POLICY | ||
| 690 | _aHOUSING-DEVELOPMENT | ||
| 942 | _n0 | ||
| 999 |
_c65809 _d65809 |
||